A history of sub-Saharan Africa / (Record no. 21781)
[ view plain ]
| 000 -LEADER | |
|---|---|
| fixed length control field | 02064cam a2200325 i 4500 |
| 001 - CONTROL NUMBER | |
| control field | 17715583 |
| 003 - CONTROL NUMBER IDENTIFIER | |
| control field | EG-ScBUE |
| 005 - DATE AND TIME OF LATEST TRANSACTION | |
| control field | 20240627120022.0 |
| 008 - FIXED-LENGTH DATA ELEMENTS--GENERAL INFORMATION | |
| fixed length control field | 130423s2014 nyua f b f001 0 eng d |
| 020 ## - INTERNATIONAL STANDARD BOOK NUMBER | |
| International Standard Book Number | 9781107037809 (hbk.) |
| 040 ## - CATALOGING SOURCE | |
| Original cataloging agency | IEN/DLC |
| Language of cataloging | eng |
| Description conventions | rda |
| Transcribing agency | IEN |
| Modifying agency | DLC |
| -- | EG-ScBUE |
| -- | EG-ScBUE |
| 043 ## - GEOGRAPHIC AREA CODE | |
| Geographic area code | fb----- |
| 082 04 - DEWEY DECIMAL CLASSIFICATION NUMBER | |
| Classification number | 967 |
| Item number | COL |
| Edition number | 22 |
| 100 1# - MAIN ENTRY--PERSONAL NAME | |
| Personal name | Collins, Robert O., |
| Dates associated with a name | 1933-2008, |
| Relator term | author. |
| 9 (RLIN) | 40032 |
| 245 12 - TITLE STATEMENT | |
| Title | A history of sub-Saharan Africa / |
| Statement of responsibility, etc | Robert O. Collins, late of the University of California, Santa Barbara, James M. Burns, Clemson University. |
| 250 ## - EDITION STATEMENT | |
| Edition statement | Second edition. |
| 264 #1 - PUBLICATION, DISTRIBUTION, ETC. (IMPRINT) | |
| Place of publication, distribution, etc | New York : |
| Name of publisher, distributor, etc | Cambridge University Press, |
| Date of publication, distribution, etc | 2014. |
| 300 ## - PHYSICAL DESCRIPTION | |
| Extent | ix, 405 pages : |
| Other physical details | illustrations ; |
| Dimensions | 26 cm |
| 336 ## - CONTENT TYPE | |
| Source | rdacontent |
| Content type term | text |
| Content type code | txt |
| 337 ## - MEDIA TYPE | |
| Media type term | unmediated |
| Source | rdamedia |
| Media type code | n |
| 338 ## - CARRIER TYPE | |
| Carrier type term | volume |
| Carrier type code | nc |
| Source | rdacarrier |
| 504 ## - BIBLIOGRAPHY, ETC. NOTE | |
| Bibliography, etc | Includes bibliographical references and index.<br/> |
| 505 00 - FORMATTED CONTENTS NOTE | |
| Title | The historical geography of Africa -- |
| -- | Kingdoms of the Nile -- |
| -- | The peoples of Sub-Saharan Africa -- |
| -- | Cows, crops, and iron -- |
| -- | Northeast Africa in the age of Aksum -- |
| -- | Empires of the plains -- |
| -- | East Africa and the Indian Ocean world -- |
| -- | The Lake Plateau of East Africa -- |
| -- | Societies and states of the West African forest -- |
| -- | Kingdoms and trade in central africa -- |
| -- | The peoples and states of southern Africa -- |
| -- | The arrival of Europeans in Sub-Saharan Africa -- |
| -- | Diseases and crops: old and new -- |
| -- | Slavery in Africa -- |
| -- | The Atlantic slave trade -- |
| -- | The Asian slave trade -- |
| -- | Upsetting the equilibrium -- |
| -- | The European conquest of Africa -- |
| -- | Southern Africa, 1486-1910 -- |
| -- | European colonial rule in Africa -- |
| -- | The colonial legacy -- |
| -- | Nationalism and independence of colonial Africa -- |
| -- | The Union of South Africa and the apartheid state -- |
| -- | A decade of hope -- |
| -- | Cold war Africa -- |
| -- | Africa at the beginning of the 21st century. |
| 650 ## - SUBJECT ADDED ENTRY--TOPICAL TERM | |
| Source of heading or term | BUEsh |
| 651 #7 - SUBJECT ADDED ENTRY--GEOGRAPHIC NAME | |
| Geographic name | Africa, Sub-Saharan |
| General subdivision | History. |
| Source of heading or term | BUEsh |
| 9 (RLIN) | 40033 |
| 653 ## - INDEX TERM--UNCONTROLLED | |
| Resource For college | BAEPS, Political Science |
| Arrived date list | May2016 |
| -- | October2017 |
| 655 ## - INDEX TERM--GENRE/FORM | |
| Form subdivision | Text book |
| 9 (RLIN) | 33728 |
| 700 1# - ADDED ENTRY--PERSONAL NAME | |
| Personal name | Burns, James McDonald, |
| Relator term | author. |
| 942 ## - ADDED ENTRY ELEMENTS (KOHA) | |
| Source of classification or shelving scheme | Dewey Decimal Classification |
| Koha item type | Book - Borrowing |
| Withdrawn status | Lost status | Source of classification or shelving scheme | Damaged status | Not for loan | Collection code | Home library | Current library | Shelving location | Date acquired | Source of acquisition | Cost, normal purchase price | Serial Enumeration / chronology | Total Checkouts | Total Renewals | Full call number | Barcode | Date last seen | Date checked out | Cost, replacement price | Koha item type |
|---|---|---|---|---|---|---|---|---|---|---|---|---|---|---|---|---|---|---|---|---|
| Dewey Decimal Classification | Alahram | Central Library | Central Library | Second Floor | 18/05/2016 | Purchase | 260.00 | 1 | 2 | 5 | 967 COL | 000032535 | 15/07/2025 | 07/03/2019 | 325.00 | Book - Borrowing | ||||
| Dewey Decimal Classification | Baccah | Central Library | Central Library | Second Floor | 30/10/2017 | Purchase | 1190.00 | 967 COL | 000042340 | 15/07/2025 | NB - Book (Non borrowing) | |||||||||
| Dewey Decimal Classification | Baccah | Central Library | Central Library | Second Floor | 30/10/2017 | Purchase | 1190.00 | 2 | 8 | 967 COL | 000042341 | 15/07/2025 | 02/04/2019 | Book - Borrowing | ||||||
| Dewey Decimal Classification | Baccah | Central Library | Central Library | Second Floor | 30/10/2017 | Purchase | 1190.00 | 967 COL | 000042342 | 15/07/2025 | Book - Borrowing | |||||||||
| Dewey Decimal Classification | Baccah | Central Library | Central Library | Second Floor | 30/10/2017 | Purchase | 1190.00 | 2 | 3 | 967 COL | 000042343 | 15/07/2025 | 26/03/2019 | Book - Borrowing |